000 00354nam a2200157Ia 4500
003 Ost
005 20260225132541.0
008 260225s9999||||xx |||||||||||||| ||und||
040 _cfsic
041 _afre
082 _a327
100 _aAnrdé Baudoui
_eAuteur
245 0 _ale terrorisme une realité /
245 0 _cAnrdé Baudoui
942 _cكتاب
999 _c33520
_d33520